Otraslevyje osobenosti analiza effektivnosti investicionych projektov

Hlavné problémy, ktoré vznikajú pri hodnotení efektívnosti investičných projektov v reálnych aktívach podniku tradičnou metódou. Potreba zavedenia odvetvovo-špecifických metód hodnotenia efektívnosti investičných projektov na základe špecifických faktorov konkrétneho odvetvia a s prihliadnutím na ka...

Ausführliche Beschreibung

Gespeichert in:
Bibliographische Detailangaben
1. Verfasser: Elokhova, Irina Vladimirovna
Weitere Verfasser: Lipková, Ľudmila
Format: Buchkapitel
Sprache:Russisch
Schlagworte:
Tags: Tag hinzufügen
Keine Tags, Fügen Sie das erste Tag hinzu!

MARC

LEADER 00000naa$a2200000$$$4500
001 0279251
005 20240502083847.9
041 0 |a rus 
044 |a RU 
245 1 0 |a Otraslevyje osobenosti analiza effektivnosti investicionych projektov 
520 |a Hlavné problémy, ktoré vznikajú pri hodnotení efektívnosti investičných projektov v reálnych aktívach podniku tradičnou metódou. Potreba zavedenia odvetvovo-špecifických metód hodnotenia efektívnosti investičných projektov na základe špecifických faktorov konkrétneho odvetvia a s prihliadnutím na kategóriu zložitosti, jedinečnosti projektu, jeho financovania a pod. 
610 2 0 |a projekty investičné 
610 2 0 |a efektívnosť 
610 2 0 |a priemysel 
610 2 0 |a podnik 
610 2 0 |a riziko 
100 1 |a Elokhova, Irina Vladimirovna 
700 1 |a Lipková, Ľudmila